The incidence of urban property taxation in developing countries : (Record no. 28527)
[ view plain ]
| 000 -LEADER | |
|---|---|
| fixed length control field | 00947nam a2200277 a 4500 |
| 001 - CONTROL NUMBER | |
| control field | 28527 |
| 003 - CONTROL NUMBER IDENTIFIER | |
| rucl marc code | BD-RjUL |
| 005 - DATE AND TIME OF LATEST TRANSACTION | |
| control field | 20211209051308.0 |
| 008 - FIXED-LENGTH DATA ELEMENTS--GENERAL INFORMATION | |
| fixed length control field | 811013s1977 dcua b 000 0 eng |
| 035 ## - SYSTEM CONTROL NUMBER | |
| System control number | (BD-RjUL)28608 |
| 040 ## - CATALOGING SOURCE | |
| Original cataloging agency | DLC |
| Transcribing agency | DLC |
| Modifying agency | DLC |
| -- | BD-RjUL |
| Language of cataloging | eng |
| 041 ## - LANGUAGE CODE | |
| Language code of text/sound track or separate title | eng |
| 082 00 - DEWEY DECIMAL CLASSIFICATION NUMBER | |
| Classification number | 336.2209861 |
| Edition number | 21 |
| Author mark and year | LII 1977 |
| 100 1# - MAIN ENTRY--PERSONAL NAME | |
| Personal name | Linn, Johannes F. |
| 9 (RLIN) | 87374 |
| 245 14 - TITLE STATEMENT | |
| Title | The incidence of urban property taxation in developing countries : |
| Remainder of title | a theoretical and empirical analysis applied to Colombia / |
| Statement of responsibility, etc. | prepared by Johannes F. Linn. |
| 260 ## - PUBLICATION, DISTRIBUTION, ETC. (IMPRINT) | |
| Place of publication, distribution, etc. | Washington, D.C. : |
| Name of publisher, distributor, etc. | World Bank, |
| Date of publication, distribution, etc. | c1977. |
| 300 ## - PHYSICAL DESCRIPTION | |
| Pagination | ii, 106 p. : |
| Illustrations | ill. ; |
| Size | 28 cm. |
| 500 ## - GENERAL NOTE | |
| General note | Cover title. |
| 504 ## - BIBLIOGRAPHY, ETC. NOTE | |
| Bibliography, etc | Bibliography: p. 103-106. |
| 650 #0 - SUBJECT ADDED ENTRY--TOPICAL TERM | |
| Topical term or geographic name as entry element | Real property tax |
| Geographic subdivision | Colombia. |
| 9 (RLIN) | 87375 |
| Topical term or geographic name as entry element | Tax incidence |
| Geographic subdivision | Colombia. |
| 9 (RLIN) | 87376 |
| 942 ## - ADDED ENTRY ELEMENTS (KOHA) | |
| Source of classification or shelving scheme | Dewey Decimal Classification |
| Koha item type | Documents |
| Lost status | Source of classification or shelving scheme | Damaged status | Not for loan | Collection code | Permanent Location | Current Location | Shelving location | Date acquired | Source of acquisition | Cost, normal purchase price | Total Checkouts | Full call number | Date last seen | Copy number | Koha item type |
|---|---|---|---|---|---|---|---|---|---|---|---|---|---|---|---|
| Dewey Decimal Classification | Added to bundle | Non-fiction | Central Library, University of Rajshahi | Central Library, University of Rajshahi | Documentation Section | 27/08/1987 | World Bank | 0.00 | DOC 336.2209861 LII 1977 | 31/03/2014 | C-1 | Documents |